000 00320nam a22001457a 4500
008 210303b ||||| |||| 00| 0 eng d
020 _a9781559638319
041 _aeng
080 _a574
082 _a574
100 _a9
101 _aMJE
245 _aThe Wellbeing of Nations
_cPrescott-Allen, R
942 _2udc
_cBK
999 _c55687
_d55687